000 00559cam4a220019300 4500
001 tmp15345929
003 UPRA
005 20190816085100.0
008 950801c19661953fr fre u
035 _a(Sirsi) r124118
035 _a(UPRA)tmp15345929
040 _cUPRA
100 1 _aMarceau, Felicien, 1913-
_dMarceau, Felicien, 1913-
_6A92243.1
245 1 0 _aEn de secretes noces.
260 _a[Paris] :
_bCalmann-Levy,
_c[1966], c1953.
440 0 _aLivre de poche
_6S322.1
949 _aPQ2625.A754
_wlcc
_i-178338
_mMAIN
_tBOOK
_lON-SHELF
004 124118
999 _c80068
_d80068